Od pádu Zdi k válce v Iráku nový začátek dějin
Salvato in:
| Autore principale: | |
|---|---|
| Altri autori: | |
| Natura: | Libro |
| Lingua: | ceco |
| Pubblicazione: |
Praha
Vyšehrad
2008
|
| Serie: | Moderní dějiny
|
| Soggetti: | |
| Tags: |
Nessun Tag, puoi essere il primo ad aggiungerne!!
|
MARC
| LEADER | 00000nam$a2200000$$$4500 | ||
|---|---|---|---|
| 001 | 0097844 | ||
| 005 | 20240313090209.4 | ||
| 020 | |a 978-80-7021-842-6 | ||
| 041 | 0 | |a cze | |
| 044 | |a CZ | ||
| 245 | 1 | 0 | |a Od pádu Zdi k válce v Iráku |b nový začátek dějin |c Ralf Dahrendorf ; přeložil: Vlastimil Drbal |
| 264 | 1 | |a Praha |b Vyšehrad |c 2008 | |
| 300 | |a 331 s. | ||
| 490 | 1 | |a Moderní dějiny | |
| 830 | 0 | |a Moderní dějiny | |
| 610 | 2 | 0 | |a dejiny |
| 610 | 2 | 0 | |a vývoj politický |
| 610 | 2 | 0 | |a vývoj spoločenský |
| 610 | 2 | 0 | |a revolúcia |
| 610 | 2 | 0 | |a vývoj hospodársky |
| 610 | 2 | 0 | |a situácia sociálna |
| 610 | 2 | 0 | |a demokracia |
| 610 | 2 | 0 | |a globalizácia |
| 610 | 2 | 0 | |a konflikty medzinárodné |
| 610 | 2 | 0 | |a konflikty etnické |
| 610 | 2 | 0 | |a história |
| 610 | 2 | 0 | |a svet |
| 100 | 1 | |a Dahrendorf, Ralf | |
| 700 | 1 | |a Drbal, Vlastimil | |